Statistics for African Airports - Map Quiz

Click here to take the quiz!

General Stats

  • This quiz has been taken 120 times
  • The average score is 7 of 15

Answers on the Map

Answers color-coded by a green-red scale on the quiz's map according to % correct below.
 

Answer Stats

Answer% Correct
Cairo International Airport
83%
Cape Town International Airport
81%
Tunis Carthage Airport
78%
Marrakesh Menara Airport
77%
Jomo Kenyatta International Airport
60%
Mohammed V International Airport
56%
King Shaka International Airport
48%
Sir Seewoosagur Ramgoolam International Airport
46%
O. R. Tambo International Airport
41%
Hurghada International Airport
40%
Julius Nyerere International Airport
26%
Murtala Muhammed International Airport
26%
Bole International Airport
23%
Houari Boumediene Airport
21%
Nnamdi Azikiwe International Airport
14%

Score Distribution

Percentile by Number Answered

Percent of People with Each Score

Your Score History

You have not taken this quiz